000 02089nam a2200277 4500
020 _a0443049483
020 _a9780443049484
040 _cNSHS NUST
082 _a615.1
_bWIN
100 1 _aWinstanley, Peter
_9133376
245 1 _aChurchill's mastery of medicine :
_bpharmacology /
_cby Peter Winstanley and Tom Walley.
246 1 _aPharmacology
260 _aNew York:
_bChurchill Livingstone,
_c1996.
300 _a209 pages:
_billustrations ;
_c29.5 cm
500 _aDC010226
520 _aA concise core text of clinically relevant pharmacology. The text includes only essential information - so the reader knows the whole book is relevant. Self-assessment material is integral to the book, and has been specially designed to be of maximum benefit to the student during self-directed learning and examination preparation. Scientific information is integrated with the appropriate clinical points. And the illustrations are simple and memorable, making them easy to reproduce during examinations. This is a volume in the Churchill's Mastery of Medicine series - a major new series for medical students. For the above-average student, this text will be a valuable learning and review book, going alongside the major textbooks. For the less able, it will be ideal as the sole book to define the essential core of the subject and to ensure that it is understood by use of the self-assessment material. Features: Part of a major new series -- Presents the essential core of the subject -- Integrates basic science and clinical pharmacology -- Ideal for self-directed learning Diagrams ideal for reproducing in exams -- Self-assessment material tests readers' understanding -- Perfect for exam revision.
546 _aIn English:
650 0 _aPharmacology.
_9113344
650 0 _aClinical Therapeutics.
_9133377
650 0 _aPharmacology
_vTextbooks.
_9130365
650 0 _aPharmacology
_vTextbooks.
_9130365
650 0 _aClinical pharmacology
_vTextbooks.
_9133960
700 1 _aWalley, Tom.
_9133961
942 _2ddc
_cBK
999 _c616332
_d616332